| 000 | 00926cam a22002775i 4500 | ||
|---|---|---|---|
| 999 |
_c17811 _d17783 |
||
| 003 | EG-ScBUE | ||
| 005 | 20210120153557.0 | ||
| 008 | 131210s2013 ua g 000 f ara d | ||
| 017 | _a2012 / 10752 | ||
| 020 | _a9789775153005 | ||
| 040 |
_aEG-ScBUE _bara _erda _cEG-ScBUE _dEG-ScBUE |
||
| 082 | 0 | 4 |
_a892.737 _bج ن د _222 |
| 100 | 1 |
_aجندي، عمرو، _d1983- _eمؤلف. |
|
| 245 | 1 | 0 |
_aفوجا : _bرواية / _cعمرو الجندي. |
| 250 | _aالطبعة الخامسة. | ||
| 264 |
_aالجيزة، مصر : _bالرواق للنشر والتوزيع، _c2013. |
||
| 300 | 1 |
_a151 صفحة ؛ _c20 سم |
|
| 336 |
_aنص _btxt _2rdacontent |
||
| 337 |
_aبدون وسيط _bn _2rdamedia |
||
| 338 |
_aمجلد _bnc _2rdacarrier |
||
| 590 | _aBook for the road program. | ||
| 650 | 7 |
_aالقصص العربية _yقرن 21 _2BUEsh |
|
| 651 | _2BUEsh | ||
| 653 |
_bARALIT _bGGEN _cDecember2013 |
||
| 942 |
_2ddc _cBB |
||